| 000 | 01145nam a2200301 i 4500 | ||
|---|---|---|---|
| 001 | 105646 | ||
| 003 | ES-MaACL | ||
| 005 | 20250709215207.0 | ||
| 008 | 060802s1983 sp |||| |bspa d | ||
| 020 | _a84-245-0356-2 | ||
| 080 | _a929 Valle-Inclán, Ramón del (047.53) | ||
| 080 | _a821.134.2 Valle-Inclán, Ramón del 1.06 | ||
| 100 | 1 |
_aDougherty, Dru. _945484 _eaut |
|
| 245 | 1 | 3 |
_aUn Valle Inclán olvidado : _bentrevistas y conferencias / _cDru Dougherty ; edición a cargo de Eugenio Suárez Galbán. |
| 260 |
_aMadrid : _bFundamentos, _c[1983] |
||
| 300 |
_a320 páginas ; _c21 cm. |
||
| 490 | 1 |
_aEspiral ; _v74. _aEnsayo |
|
| 500 | _aÍndices | ||
| 594 | _aRecopilación de entrevistas hechas a Valle-Inclán entre 1910 y 1935. | ||
| 600 | 1 | 4 |
_aValle-Inclán, Ramón del, _d1866-1936- _vEntrevistas _9112801 |
| 700 | 1 |
_aSuárez Galbán, Eugenio. _9215270 _epbl |
|
| 830 | 0 |
_aEspiral ; _v74. _aEnsayo _9182567 |
|
| 852 |
_aES-MaACL _jAND-461 _cDEPO2 _hBiblioteca Juan Andrade |
||
| 852 |
_aES-MaACL _jL-9686 _cDEPO2 |
||
| 942 |
_2udc _cMONOGRAFIA _n0 |
||
| 999 |
_c105646 _d105646 |
||